00933nam a2200229 a 4500001001000000003000500010005001700015008004100032010001100073011001100084040000900095100003500104245018500139260004100324500006000365502007700425650003600502650003300538650002900571650003300600856007000633000116125CHAP20220329144602.0190913s2019 mx | |sm |||||||spa d a112586 a113558 cCHAP1 aMartínez Santiago, Danibaan.10aEstimación del comportamiento productivo y calidad de la canal en cerdos de engorda en respuesta a energía, proteína y lisinah[En línea]cpor Danibaan Martínez Santiago. aChapingo, Méx. :bEl autor,c2019. aPara ver el contenido del material haga clic en la liga aTesis (M. C en Innovación Ganadera) -- UACH. Departamento de Zootecnia14aGanado porcinoxAlimentación.14aGanado porcinoxCrecimiento.14aGanado porcinoxEngorda.14aGanado porcinoxNutrición. aFinding aiduhttp://10.13.5.2/tesis/sist116125.pdfzTeclea aquí